000 00401nam a2200169Ia 4500
008 130318s9999 xx 000 0 und d
020 _a8187972009
082 _a005.133C FOS/C
100 _aFoster, L.S.
245 _aC By discovery
250 _a3
260 _bPRI
_aMumbai
_c2000
300 _a744
_e1 Floppy.
650 _aC PROGRAMMING
650 _aPROGRAMMING LANGUAGE
700 _aFoster, WD
999 _c177
_d177